Zavádzanie automatizovaného hodnotenia EKG v ČSSR ; Ľ. Bachárová, M. Melotová, L. Smolák, I. Ruttkay-Nedecký

Bibliographic Details
Main Authors: Bachárová, Ljuba, 1947- (Author), Melotová, M. (Author), Smolák, L. (Author), Ruttkay-Nedecký, Ivan, 1926-2019 (Author)
Format: Article
Language:Slovak
Subjects:

MARC

LEADER 00000nab a2200000 a 4500
001 vtls000343461
003 SK-MaSNL
005 20260304204508.0
008 220422c1987 xo 0 slo
015 |a SNBRA19rr/mm-uuuuu 
035 |a CL0343583 
040 |a SNKBUCL  |b slo  |c SNKBUCL  |e AACR2 
041 0 |a slo 
044 |a xo  |c SK 
080 |a 616.12-073.97:681.3  |2 1981 
080 |a 681.3  |2 1981 
245 0 0 |a Zavádzanie automatizovaného hodnotenia EKG v ČSSR ; Ľ. Bachárová, M. Melotová, L. Smolák, I. Ruttkay-Nedecký 
650 0 7 |a elektrokardiografia  |2 snkbucl  |9 2458 
650 0 7 |a počítače  |2 snkbucl  |9 2027 
655 7 |a články zo zborníkov  |2 snkbucl  |9 166140 
700 1 |a Bachárová, Ljuba,  |d 1947-  |4 aut  |9 7861 
700 1 |a Melotová, M.  |4 aut  |9 1537852 
700 1 |a Smolák, L.  |4 aut  |9 969246 
700 1 |a Ruttkay-Nedecký, Ivan,  |d 1926-2019  |4 aut  |9 39860 
773 0 |t Počítače v zdravotníctve. (1. diel)  |d Bratislava : Dom techniky ČSVTS, 1987 
850 |a Slovenská národná knižnica v Martine  |a MTA001 
852 |a SNK  |b KIS3GCP 
958 |a RK 
958 |a ME 
992 |a RZB 
999 |c 3116321  |d 3118251